Name That Person Using Geography #3 - Statistics

General Stats
  • This quiz has been taken 19 times
  • The average score is 9 of 11
Answer Stats
Hint Answer % Correct
netherlands amsterdam
100%
vietnam hanoi
100%
pakistan islamabad
100%
pakistan islamabad
100%
italy rome
100%
slovenia ljubljana
80%
burkina Faso ouagadougou
67%
fiji suva
60%
bhutan thimphu
60%
myanmar naypyidaw
53%
micronesia palikir
47%
No matching quizzes found
Score Distribution
Percent of People with Each Score
Percentile by Number Answered
Your Score History
You have not taken this quiz